Alice Cooper Songs on the Billboard Hot 100 (USA) - Statistics

General Stats
  • This quiz has been taken 139 times
  • The average score is 8 of 21
Answer Stats
Peak Chart Position, Year Answer % Correct
7, 1989 Poison
92%
7, 1972 School's Out
86%
25, 1973 No More Mr Nice Guy
68%
45, 1975 Welcome to My Nightmare
59%
57, 1973 Billion Dollar Babies
54%
26, 1972 Elected
49%
12, 1975 Only Women Bleed
49%
78, 1991 Hey Stoopid
46%
21, 1971 Eighteen
44%
59, 1972 Under My Wheels
43%
56, 1990 House of Fire
30%
9. 1977 You and Me
29%
35, 1973 Hello Hooray
28%
12, 1977 I Never Cry
26%
40, 1980 Clones (We're All)
24%
49, 1972 Be My Lover
20%
12, 1978 How You Gonna See Me Now
18%
67, 1975 Department of Youth
17%
89, 1990 Only My Heart Talkin'
16%
48, 1974 Teenage Lament '74
14%
94, 1971 Caught in a Dream
8%
No matching quizzes found
Score Distribution
Percent of People with Each Score
Percentile by Number Answered
Your Score History
You have not taken this quiz